000
00214nam a2200097Ia 4500
005
20251222120855.0
008
251222s1900||||xx |||||||||||||| ||spa||
082
_a
DVD0070/S75A/1997
245
0
_a
Amistad:
942
_c
DVD
999
_c
2380
_d
2380